000 00222nam a2200097Ia 4500
008 120527s9999 xx 000 0 und d
100 _aOLADUNNI, A.David
245 _aAdventure in christ
260 _bNazareth
942 _cBK
999 _c25347
_d25347